| 000 | 00820nam a22002177a 4500 | ||
|---|---|---|---|
| 999 |
_c19792 _d19792 |
||
| 003 | AR-CdUCM | ||
| 008 | 190307b ||||| |||| 00| 0 spa d | ||
| 040 |
_aMUNICIPALIDAD PROVINCIAL DEL CUSCO _cBIBLIOTECA MUNICIPAL DEL CUSCO |
||
| 082 |
_a375.49 / _bM51 |
||
| 100 |
_aMialaret, G. _941395 |
||
| 245 | _apsicopedagogía de los medios audiovisuales en la enseñanza primaria / | ||
| 260 |
_aBuenos Aires : _bSudamericana, _bUNESCO, _c1964. |
||
| 300 |
_a239 páginas ; _c23 cm. |
||
| 505 | _aContenido: Alguna consideraciones sobre la investigación científica -- Los fenómenos perceptivos básicos -- Percepción visual... | ||
| 650 |
_aEducación primaria _91561 |
||
| 650 |
_aAspectos psicológicos _913483 |
||
| 650 |
_aEnseñanza _91616 |
||
| 650 |
_aAprendizaje _92143 |
||
| 942 |
_2ddc _cLIBROS |
||
| 945 | _arcc | ||